| 000 | 00949cam a2200313 i 4500 | ||
|---|---|---|---|
| 001 | 2761101 | ||
| 003 | NUST - PNEC | ||
| 005 | 20170116181058.0 | ||
| 008 | 790912s1978 enka b f001 0 eng | ||
| 010 | _a 79314037 | ||
| 015 | _aGB*** | ||
| 020 | _a0114003114 : | ||
| 040 |
_aDLC _cLIBRARY _dDLC |
||
| 050 | 0 | 0 |
_aQC994 _b.G7 1978 |
| 082 | 0 | 0 | _a551.502462388 GRE |
| 110 | 1 |
_aGreat Britain. _bMeteorological Office. |
|
| 245 | 1 | 0 |
_aMeteorology for mariners / _cMeteorological Office. |
| 250 | _a3d ed. | ||
| 260 |
_aLondon : _bH.M. Stationery Off., _c1978. |
||
| 300 |
_ax, 275 p. : _bill. ; _c25 cm. |
||
| 490 | 1 | _aMet. O. ; 895 | |
| 500 | _aIncludes index. | ||
| 504 | _aBibliography: p. 267. | ||
| 650 | 0 | _aMarine meteorology. | |
| 650 | 0 |
_aOceanography. _xME |
|
| 810 | 1 |
_aGreat Britain. _bMeteorological Office. _tPublication, official, Met. O. ; _v895. |
|
| 906 |
_a7 _bcbc _corignew _d4 _encip _f19 _gy-gencatlg |
||
| 942 |
_2ddc _cBK |
||
| 999 |
_c68652 _d68652 |
||